| 000 | 00428nam a2200181Ia 4500 | ||
|---|---|---|---|
| 008 | 210210b1940 xxu||||| |||| 00| 0 eng d | ||
| 041 | _aeng | ||
| 082 | _a519/72 | ||
| 100 | _aHOGBEN (Lancelot) | ||
| 245 | _aMathematics for the million | ||
| 260 |
_aLondon _bGeorge Allen & Unwin Ltd _c1940 |
||
| 650 | _athe | ||
| 650 | _amillion | ||
| 650 | _aMathematics | ||
| 650 | _afor | ||
| 690 | _aMathematics | ||
| 906 | _a007933 | ||
| 999 |
_c140790 _d140790 |
||